[Event "Recife Asfora Memorial"]
[Site "Recife"]
[Date "2016.08.07"]
[Round "6"]
[White "Da Silva Araujo, Gabriel Victor"]
[Black "Cilento, Lucas Geraldo"]
[Result "1/2-1/2"]
[WhiteElo "1907"]
[BlackElo "1978"]
[PlyCount "21"]
[EventDate "2016.08.05"]
[EventType "swiss"]
[EventRounds "6"]
[EventCountry "BRA"]
[SourceTitle "EXT 2022"]
[Source "ChessBase"]
[SourceDate "2021.10.06"]
[SourceVersion "1"]
[SourceVersionDate "2021.10.06"]
[SourceQuality "1"]

1. Nf3 d5 2. c4 c6 3. g3 Nf6 4. Bg2 Nbd7 5. cxd5 cxd5 6. 0-0 e6 7. e3 Be7 8. Nc3 0-0 9. Qb3 Qb6 10. Qxb6 axb6 11. d4 1/2-1/2

[Event "Rio Grande do Norte zt CBX"]
[Site "Natal"]
[Date "2016.04.23"]
[Round "4.7"]
[White "Cilento, Lucas Geraldo"]
[Black "Da Silva, Izael Brasilino Ara"]
[Result "1/2-1/2"]
[WhiteElo "1982"]
[BlackElo "1840"]
[PlyCount "121"]
[EventDate "2016.04.22"]
[EventType "swiss"]
[EventRounds "6"]
[EventCountry "BRA"]
[SourceTitle "EXT 2022"]
[Source "ChessBase"]
[SourceDate "2021.10.06"]
[SourceVersion "1"]
[SourceVersionDate "2021.10.06"]
[SourceQuality "1"]

1. e4 Nc6 2. d4 d5 3. e5 Bf5 4. Nf3 e6 5. c3 Nge7 6. Be2 h6 7. Be3 g5 8. b3 Bg7 9. Nbd2 Bg6 10. h4 g4 11. Nh2 h5 12. Bg5 Qd7 13. f3 gxf3 14. Nhxf3 0-0-0 15. b4 Rdf8 16. Nb3 b6 17. Bf6 Bxf6 18. exf6 Nf5 19. Ba6+ Kb8 20. b5 Nd8 21. Ne5 Qd6 22. Qf3 Rhg8 23. Nd2 Bh7 24. Rh3 Bg6 25. a4 Nh6 26. c4 Ng4 27. Qf4 Bf5 28. c5 bxc5 29. Nc6+ Ka8 30. Qxd6 cxd6 31. Ne7 Rh8 32. Nxf5 exf5 33. dxc5 dxc5 34. Rf3 Re8+ 35. Kd1 Ne3+ 36. Kc1 Nxg2 37. Rxf5 Ne3 38. Rf3 Rhg8 39. Nb3 Rg1+ 40. Kb2 Nc4+ 41. Kc3 Rxa1 42. Nxa1 Re3+ 43. Rxe3 Nxe3 44. Nb3 Ne6 45. Bc8 d4+ 46. Kb2 Nf4 47. Nxc5 Neg2 48. Ne6 fxe6 49. f7 Ng6 50. Bxe6 N2xh4 51. Kc2 Nf8 52. Bd5+ Kb8 53. Kd3 Kc7 54. a5 Kd6 55. Kxd4 Nhg6 56. Bh1 Kc7 57. Ke4 Nh8 58. Kf5 Nxf7 59. b6+ axb6 60. axb6+ Kxb6 61. Kf6 1/2-1/2

[Event "Joao Pessoa Fischer Memorial 7th"]
[Site "Joao Pessoa"]
[Date "2016.03.12"]
[Round "3"]
[White "Abrantes, Tiago Garrido"]
[Black "Cilento, Lucas Geraldo"]
[Result "1-0"]
[WhiteElo "2125"]
[BlackElo "1934"]
[PlyCount "75"]
[EventDate "2016.03.11"]
[EventType "swiss"]
[EventRounds "6"]
[EventCountry "BRA"]
[SourceTitle "CBM 171 Extra"]
[Source "ChessBase"]
[SourceDate "2016.04.26"]
[SourceVersion "1"]
[SourceVersionDate "2016.04.26"]
[SourceQuality "1"]

1. d4 Nf6 2. c4 e6 3. g3 c5 4. d5 exd5 5. cxd5 d6 6. Bg2 g6 7. Nf3 Bg7 8. Nc3 0-0 9. 0-0 Re8 10. Nd2 Na6 11. Nc4 Nc7 12. a4 b6 13. h3 Ba6 14. Qb3 Bxc4 15. Qxc4 a6 16. Qh4 Nd7 17. Bg5 Bf6 18. Bxf6 Qxf6 19. Qh6 g5 20. Qxf6 Nxf6 21. e4 b5 22. axb5 axb5 23. Rxa8 Rxa8 24. e5 b4 25. Nd1 Nfe8 26. Ne3 Nb5 27. f4 gxf4 28. gxf4 f6 29. Nc4 fxe5 30. fxe5 Ra7 31. e6 Nd4 32. Be4 Rg7+ 33. Kh2 Nb5 34. Bf3 Kf8 35. Bh5+ Ke7 36. Ne3 Nd4 37. Ra1 Nb5 38. Nf5+ 1-0

[Event "Joao Pessoa Fischer Memorial 7th"]
[Site "Joao Pessoa"]
[Date "2016.03.12"]
[Round "4"]
[White "Cilento, Lucas Geraldo"]
[Black "Lemos, Doriedson"]
[Result "1-0"]
[WhiteElo "1934"]
[BlackElo "2158"]
[PlyCount "47"]
[EventDate "2016.03.11"]
[EventType "swiss"]
[EventRounds "6"]
[EventCountry "BRA"]
[SourceTitle "CBM 171 Extra"]
[Source "ChessBase"]
[SourceDate "2016.04.26"]
[SourceVersion "1"]
[SourceVersionDate "2016.04.26"]
[SourceQuality "1"]

1. e4 c5 2. Nf3 e6 3. d4 cxd4 4. Nxd4 Nc6 5. Nb5 d6 6. Bf4 e5 7. Be3 Nf6 8. Bg5 Be6 9. Bxf6 gxf6 10. N1c3 a6 11. Na3 b5 12. Nd5 Bxd5 13. Qxd5 Qa5+ 14. c3 Rc8 15. Be2 Be7 16. 0-0 0-0 17. Bg4 Rc7 18. Bf5 Rd8 19. Qd1 Bf8 20. Qh5 Bg7 21. Qxh7+ Kf8 22. Nc2 Ne7 23. Ne3 d5 24. exd5 1-0